Online Catalogue and eLibrary

Family policies and family well-being : (Record no. 314)

MARC details
000 -LEADER
fixed length control field 00883pam a2200265 a 4500
001 - CONTROL NUMBER
control field 3449325
005 - DATE AND TIME OF LATEST TRANSACTION
control field 20240206054948.0
008 - FIXED-LENGTH DATA ELEMENTS--GENERAL INFORMATION
fixed length control field 920501s1992 cau b 001 0 eng
020 ## - INTERNATIONAL STANDARD BOOK NUMBER
ISBN 0803942869 (cl)
020 ## - INTERNATIONAL STANDARD BOOK NUMBER
ISBN 0803942877 (pb)
040 ## - CATALOGING SOURCE (பட்டியலாக்க மூலம்)
Original cataloging agency DLC
Transcribing agency DLC
Modifying agency DLC
082 00 - DDC Classification
Class No. 306.85
DDC Edition Number 20
Item Number - Author Mark SHI.
100 1# - MAIN ENTRY--PERSONAL NAME
Personal name Zimmerman, Shirley.
245 10 - TITLE STATEMENT
Title Family policies and family well-being :
Remainder of title the role of political culture /
Statement of responsibility, etc. Shirley L. Zimmerman.
260 ## - PUBLICATION, DISTRIBUTION, ETC.
Place of publication, distribution, etc. Newbury Park, Calif. :
Name of publisher, distributor, etc. Sage Publications,
Date of publication, distribution, etc. 1992.
300 ## - PHYSICAL DESCRIPTION
Extent (e.g. Volumes, Pages etc.) xiii, 201 p. ;
490 1# - SERIES STATEMENT
Series statement Sage sourcebooks for the human services series ;
650 #0 - SUBJECT ADDED ENTRY--TOPICAL TERM
Topical term or geographic name entry element Family policy
650 #0 - SUBJECT ADDED ENTRY--TOPICAL TERM
Topical term or geographic name entry element Families
650 #0 - SUBJECT ADDED ENTRY--TOPICAL TERM
Topical term or geographic name entry element Political culture
650 #0 - SUBJECT ADDED ENTRY--TOPICAL TERM
Topical term or geographic name entry element Family policy
856 42 - ELECTRONIC LOCATION AND ACCESS
Uniform Resource Identifier <a href="http://www.loc.gov/catdir/enhancements/fy0655/92014956-d.html">http://www.loc.gov/catdir/enhancements/fy0655/92014956-d.html</a>
856 41 - ELECTRONIC LOCATION AND ACCESS
Uniform Resource Identifier <a href="http://www.loc.gov/catdir/enhancements/fy0655/92014956-t.html">http://www.loc.gov/catdir/enhancements/fy0655/92014956-t.html</a>
942 ## - Koha item type (Biblio)
Koha item type Books in Stacks (Lending)
Holdings
Lost status Damaged status Collection code Home library Current library Date acquired Full call number Accession Number Item type
    Lending WERC Library WERC Library 02/06/2024 306.85 SHI. 3400 Books in Stacks (Lending)

© WERC Library